Top 10 Countries by Category #3 - Statistics

General Stats
  • This quiz has been taken 131 times
  • The average score is 38 of 60
Answer Stats
Hint Rank Hint Answer % Correct
Apple Production 1 45,983 China
99%
1900 Population 1 415 m China
99%
Apple Production 3 4,467 United States
99%
1900 Population 4 89.6 m United States
99%
HIghest Population Gain (2020-2050) 7 67.1 mil United States
99%
Most Facebook Users 2 200 million United States
99%
Apple Production 5 2,276 India
96%
HIghest Population Gain (2020-2050) 1 394.3 mil India
96%
Most Facebook Users 1 340 million India
96%
Apple Production 7 2,216 Russia
96%
1900 Population 3 137 m Russia
96%
1900 Population 2 384 m British Empire
93%
1900 Population 5 78.9 m French Empire
91%
Most Facebook Users 4 130 million Brazil
90%
Apple Production 9 1,633 France
90%
1900 Population 6 67.1 m Germany
89%
1900 Population 9 42 m Japan
88%
Murder Rate 9 26.11 Mexico
87%
Most Facebook Users 5 98 million Mexico
87%
Lowest Unemployment Rate 3 0.8 Niger
86%
HIghest Population Gain (2020-2050) 2 216.3 mil Nigeria
83%
HIghest Population Gain (2020-2050) 8 64.7 mil Indonesia
81%
Most Facebook Users 3 140 million Indonesia
81%
HIghest Population Gain (2020-2050) 3 120.7 mil Pakistan
81%
Apple Production 8 2,212 Italy
79%
1900 Population 10 32 m Italy
79%
Apple Production 2 4,493 Turkey
73%
HIghest Population Gain (2020-2050) 10 59.6 mil Egypt
72%
Most Facebook Users 9 47 million Egypt
72%
Murder Rate 10 25.38 Colombia
69%
Most Facebook Users 10 46 million Bangladesh
66%
Apple Production 6 2,241 Iran
65%
HIghest Population Gain (2020-2050) 5 89.1 mil Ethiopia
64%
Most Facebook Users 6 88 million Philippines
58%
Most Facebook Users 7 71 million Vietnam
58%
Lowest Unemployment Rate 6 1.53 Thailand
57%
Most Facebook Users 8 54 million Thailand
57%
Apple Production 4 4,067 Poland
52%
Murder Rate 5 35.09 Honduras
50%
Apple Production 10 1,557 Chile
46%
HIghest Population Gain (2020-2050) 6 83.7 mil Tanzania
45%
HIghest Population Gain (2020-2050) 9 62.8 mil Uganda
43%
Murder Rate 1 53.34 Jamaica
42%
1900 Population 7 51.4 m Austria-Hungary
41%
1900 Population 8 51.3 m Dutch Empire
38%
Murder Rate 8 26.99 Ecuador
38%
HIghest Population Gain (2020-2050) 4 118.0 mil Dem. Republic of the Congo
35%
Lowest Unemployment Rate 4 1.3 Laos
35%
Lowest Unemployment Rate 2 0.6 Cambodia
34%
Lowest Unemployment Rate 1 0.3 Qatar
29%
Murder Rate 7 27.88 Belize
28%
Murder Rate 6 31.22 Bahamas
22%
Lowest Unemployment Rate 9 1.8 Burundi
22%
Lowest Unemployment Rate 10 1.9 Bahrain
21%
Murder Rate 3 39.52 Trinidad and Tobago
21%
Murder Rate 4 36.70 Saint Lucia
19%
Murder Rate 2 40.41 Saint Vincent and the Grenadines
17%
Lowest Unemployment Rate 5 1.5 Liechtenstein
13%
Lowest Unemployment Rate 7 1.6 Benin
10%
Lowest Unemployment Rate 8 1.7 Palau
5%
No matching quizzes found
Score Distribution
Percent of People with Each Score
Percentile by Number Answered
Your Score History
You have not taken this quiz